| 000 | 00845cam a2200145 4500500 | ||
|---|---|---|---|
| 005 | 20251214010058.0 | ||
| 041 | _afre | ||
| 042 | _adc | ||
| 100 | 1 | 0 |
_aLiquète, Vincent _eauthor |
| 700 | 1 | 0 |
_aMaury, Yolande _eauthor |
| 245 | 0 | 0 | _aLe travail autonome : Comment aider les élèves à l’acquisition de l’autonomie |
| 260 |
_bArmand Colin,
_c2007. |
||
| 520 | _aLe point sur les nouveaux dispositifs pédagogiques interdisciplinaires. Une étude sur les itinéraires de découverte (IDD), l’éducation civique, juridique et sociale (ECJS), les travaux personnels encadrés (TPE) et les projets pluridisciplinaires à caractère professionnel (PPCP). Des situations incitant l’apprenant à prendre plus d’iniatives. | ||
| 856 | 4 | 1 | _uhttps://shs.cairn.info/le-travail-autonome--9782200350666?lang=fr&redirect-ssocas=7080 |
| 999 |
_c1569214 _d1569214 |
||